Roots '99: The proceedings of the RICS rural research conference held at Harper Adams University College, on 20-21 April 1999 (Record no. 100038)

MARC details
000 -LEADER
fixed length control field 05468cam a2200541 4500
008 - FIXED-LENGTH DATA ELEMENTS--GENERAL INFORMATION
fixed length control field 000000n1999 000 0 eng u
020 ## - INTERNATIONAL STANDARD BOOK NUMBER
International Standard Book Number 0854069453
035 ## - SYSTEM CONTROL NUMBER
System control number (Sirsi) u101216
041 ## - LANGUAGE CODE
Language code of text/sound track or separate title eng
050 ## - LIBRARY OF CONGRESS CALL NUMBER
Classification number 630.072
110 ## - MAIN ENTRY--CORPORATE NAME
Corporate name or jurisdiction name as entry element Royal Institution of Chartered Surveyors
9 (RLIN) 4900
245 ## - TITLE STATEMENT
Title Roots '99: The proceedings of the RICS rural research conference held at Harper Adams University College, on 20-21 April 1999
Medium [electronic resource]
260 ## - PUBLICATION, DISTRIBUTION, ETC.
Place of publication, distribution, etc. London
Name of publisher, distributor, etc. RICS
Date of publication, distribution, etc. 1999
300 ## - PHYSICAL DESCRIPTION
Extent 431p. ; 30cm.
350 ## - PRICE (NR) (BK AM CF MU VM SE) [OBSOLETE]
Price 24.95
505 ## - FORMATTED CONTENTS NOTE
Formatted contents note An assessment of current practice and institutional development in the former Yugoslav Republic of Macedonia with particular reference to valuation -- Flexibility and farm business tenancies: to what extent is the industry making full use of the new-found freedom? -- Food and environment - barriers to the tenant farmer -- Implications of food assurance on UK primary producers -- Is livestock marketing channel utilisation influenced by marketing orientation of beef farmers? -- Land law: fixtures and fittings - a question of gravity -- Land tenure and land markets in the transitional economies of Eastern Europe: a review of progress to date -- People-centred analysis: the use of qualitative evaluation to assess sustainable rural development -- Scenario-based decision support systems: their use in sustainable development of rural land in Central American hillsides -- Scottish land reform: an economic commentary -- Spatial patterns of economic activity: the role of small towns in the rural economy and some implications for planning and development policy. -- Structural changes in British agriculture beyond 2000 -- The impact of policies on organic farming in Europe -- The use of wood fuel for energy generation: an opportunity or just hot air? -- Uptake of internet services by farmers.
650 ## - SUBJECT ADDED ENTRY--TOPICAL TERM
Topical term or geographic name entry element ENVIRONMENTAL AND LAND CONSULTANCY-AGRIBUSINESS-AGRICULTURE
650 ## - SUBJECT ADDED ENTRY--TOPICAL TERM
Topical term or geographic name entry element ANIMAL WELFARE
650 ## - SUBJECT ADDED ENTRY--TOPICAL TERM
Topical term or geographic name entry element COMMON AGRICULTURAL POLICY
650 ## - SUBJECT ADDED ENTRY--TOPICAL TERM
Topical term or geographic name entry element FARM BUSINESS TENANCIES
650 ## - SUBJECT ADDED ENTRY--TOPICAL TERM
Topical term or geographic name entry element ORGANIC FARMING
650 ## - SUBJECT ADDED ENTRY--TOPICAL TERM
Topical term or geographic name entry element RURAL ECONOMY
650 ## - SUBJECT ADDED ENTRY--TOPICAL TERM
Topical term or geographic name entry element MARKET TOWNS
650 ## - SUBJECT ADDED ENTRY--TOPICAL TERM
Topical term or geographic name entry element EASTERN EUROPE
650 ## - SUBJECT ADDED ENTRY--TOPICAL TERM
Topical term or geographic name entry element UNITED STATES
650 ## - SUBJECT ADDED ENTRY--TOPICAL TERM
Topical term or geographic name entry element SUSTAINABLE DEVELOPMENT
650 ## - SUBJECT ADDED ENTRY--TOPICAL TERM
Topical term or geographic name entry element RIGHTS OF WAY
650 ## - SUBJECT ADDED ENTRY--TOPICAL TERM
Topical term or geographic name entry element WILDLIFE
650 ## - SUBJECT ADDED ENTRY--TOPICAL TERM
Topical term or geographic name entry element RURAL PLANNING
650 ## - SUBJECT ADDED ENTRY--TOPICAL TERM
Topical term or geographic name entry element ROOTS
690 ## - LOCAL SUBJECT ADDED ENTRY--TOPICAL TERM (OCLC, RLIN)
Topical term or geographic name as entry element RURAL PRACTICE
856 41 - ELECTRONIC LOCATION AND ACCESS
Uniform Resource Identifier <a href="https://www.rics.org/Global/Downloads/AssessmentCurrentPracticeInstitutionalDevelopmentFormerYugoslavRepublic1999.pdf">https://www.rics.org/Global/Downloads/AssessmentCurrentPracticeInstitutionalDevelopmentFormerYugoslavRepublic1999.pdf</a>
Public note View 'An assessment of current practice and institutional development in the former Yugoslav Republic of Macedonia with particular reference to valuation' at www.rics.org...
856 41 - ELECTRONIC LOCATION AND ACCESS
Uniform Resource Identifier <a href="https://www.rics.org/Global/Downloads/flexibility_and_farm_business_tenancies_19990101.pdf">https://www.rics.org/Global/Downloads/flexibility_and_farm_business_tenancies_19990101.pdf</a>
Public note View 'Flexibility and farm business tenancies: to what extent is the industry making full use of the new-found freedom?' at www.rics.org
856 41 - ELECTRONIC LOCATION AND ACCESS
Uniform Resource Identifier <a href="https://www.rics.org/Global/Downloads/food_and_environment_19990101.pdf">https://www.rics.org/Global/Downloads/food_and_environment_19990101.pdf</a>
Public note View 'Food and environment - barriers to the tenant farmer' at www.rics.org
856 40 - ELECTRONIC LOCATION AND ACCESS
Uniform Resource Identifier <a href="https://www.rics.org/Global/Downloads/implications_of_food_assurance_19990101.pdf">https://www.rics.org/Global/Downloads/implications_of_food_assurance_19990101.pdf</a>
Public note View 'Implications of food assurance on UK primary producers' at www.rics.org
856 41 - ELECTRONIC LOCATION AND ACCESS
Uniform Resource Identifier <a href="https://www.rics.org/Global/Downloads/is_livestock_marketing_channel_utilisation_influenced_19990101.pdf">https://www.rics.org/Global/Downloads/is_livestock_marketing_channel_utilisation_influenced_19990101.pdf</a>
Public note View 'Is livestock marketing channel utilisation influenced by marketing orientation of beef farmers?' at www.rics.org
856 41 - ELECTRONIC LOCATION AND ACCESS
Uniform Resource Identifier <a href="https://www.rics.org/Global/Downloads/LandLaw1999.pdf">https://www.rics.org/Global/Downloads/LandLaw1999.pdf</a>
Public note View ' Land law: fixtures and fittings - a question of gravity' at www.rics.org
856 41 - ELECTRONIC LOCATION AND ACCESS
Uniform Resource Identifier <a href="https://www.rics.org/Global/Downloads/LandTenureLandMarkets1999.pdf">https://www.rics.org/Global/Downloads/LandTenureLandMarkets1999.pdf</a>
Public note View 'Land tenure and land markets in the transitional economies of Eastern Europe: a review of progress to date' at www.rics.org
856 41 - ELECTRONIC LOCATION AND ACCESS
Uniform Resource Identifier <a href="https://www.rics.org/Global/Downloads/people-centred_analysis_19990101.pdf">https://www.rics.org/Global/Downloads/people-centred_analysis_19990101.pdf</a>
Public note View 'People-centred analysis: the use of qualitative evaluation to assess sustainable rural development' at www.rics.org
856 41 - ELECTRONIC LOCATION AND ACCESS
Uniform Resource Identifier <a href="https://www.rics.org/Global/Downloads/scenario_based_decision_support_systems_19990101.pdf">https://www.rics.org/Global/Downloads/scenario_based_decision_support_systems_19990101.pdf</a>
Public note View 'Scenario-based decision support systems: their use in sustainable development of rural land in Central American hillsides' at www.rics.org
856 40 - ELECTRONIC LOCATION AND ACCESS
Uniform Resource Identifier <a href="https://www.rics.org/Global/Downloads/scottish_land_reform_19990101.pdf">https://www.rics.org/Global/Downloads/scottish_land_reform_19990101.pdf</a>
Public note View 'Scottish land reform: an economic commentary' at www.rics.org
856 40 - ELECTRONIC LOCATION AND ACCESS
Uniform Resource Identifier <a href="https://www.rics.org/Global/Downloads/spatial_patterns_of_economic_activity_19990101.pdf">https://www.rics.org/Global/Downloads/spatial_patterns_of_economic_activity_19990101.pdf</a>
Public note View 'Spatial patterns of economic activity: the role of small towns in the rural economy and some implications for planning and development policy.' at www.rics.org
856 40 - ELECTRONIC LOCATION AND ACCESS
Uniform Resource Identifier <a href="https://www.rics.org/Global/Downloads/structural_changes_19990101.pdf">https://www.rics.org/Global/Downloads/structural_changes_19990101.pdf</a>
Public note View 'Structural changes in British agriculture beyond 2000' at www.rics.org
856 40 - ELECTRONIC LOCATION AND ACCESS
Uniform Resource Identifier <a href="https://www.rics.org/Global/Downloads/impact_of_policies_19990101.pdf">https://www.rics.org/Global/Downloads/impact_of_policies_19990101.pdf</a>
Public note View 'The impact of policies on organic farming in Europe' at www.rics.org
856 41 - ELECTRONIC LOCATION AND ACCESS
Uniform Resource Identifier <a href="https://www.rics.org/Global/Downloads/UseWoodFuelEnergyGeneration1999.pdf">https://www.rics.org/Global/Downloads/UseWoodFuelEnergyGeneration1999.pdf</a>
Public note View the 'The use of wood fuel for energy generation: an opportunity or just hot air?' at www.rics.org...
856 41 - ELECTRONIC LOCATION AND ACCESS
Uniform Resource Identifier <a href="https://www.rics.org/Global/Downloads/uptake_of_internet_services_19990101.pdf">https://www.rics.org/Global/Downloads/uptake_of_internet_services_19990101.pdf</a>
Public note View 'Uptake of internet services by farmers' at www.rics.org...
942 ## - ADDED ENTRY ELEMENTS (KOHA)
Suppress in OPAC 0
Holdings
Withdrawn status Lost status Source of classification or shelving scheme Damaged status Not for loan Home library Current library Shelving location Date acquired Total Checkouts Full call number Barcode Date last seen Copy number Price effective from Koha item type
    Dewey Decimal Classification     London London RICS Boxes 02/11/1999   RICS 1999/56 30059950 06/08/2019 1 06/08/2019 Archive
    Dewey Decimal Classification     London London RICS Boxes 02/11/1999   RICS 1999/56 30059951 06/08/2019 2 06/08/2019 Reference material
    Dewey Decimal Classification     London London RICS Boxes 02/11/1999   RICS 1999/56 30059118 06/08/2019 3 06/08/2019 Book